اسلامی ریاست (Record no. 550492)
[ view plain ]
| 000 -LEADER | |
|---|---|
| fixed length control field | 00362cam a22001451 4500 |
| 082 ## - DEWEY DECIMAL CLASSIFICATION NUMBER | |
| Classification number | 297.1977 |
| Author Mark | MAU |
| -- | L-31, P-36 |
| 100 1# - MAIN ENTRY--PERSONAL NAME | |
| Personal name | Maudoodi, Syed Abul ʻAla, |
| 9 (RLIN) | 37516 |
| 245 10 - TITLE STATEMENT | |
| Title | اسلامی ریاست |
| 260 ## - PUBLICATION, DISTRIBUTION, ETC. | |
| Date of publication, distribution, etc. | [1967- |
| 300 ## - PHYSICAL DESCRIPTION | |
| Extent | v. |
| Dimensions | 22 cm. |
| 500 ## - GENERAL NOTE | |
| General note | In Urdu. |
| 526 ## - STUDY PROGRAM INFORMATION NOTE | |
| Program name | 0 |
| Interest level | 0 |
| Reading level | 0 |
| Title point value | 297_197700000000000_MAU |
| 650 ## - SUBJECT ADDED ENTRY--TOPICAL TERM | |
| Topical term or geographic name entry element | MCE |
| 9 (RLIN) | 379 |
| 942 ## - ADDED ENTRY ELEMENTS (KOHA) | |
| Source of classification or shelving scheme | |
| Koha item type | Book |
| Withdrawn status | Lost status | Source of classification or shelving scheme | Damaged status | Not for loan | Permanent Location | Current Location | Date acquired | Total Checkouts | Full call number | Barcode | Date last seen | Price effective from | Koha item type |
|---|---|---|---|---|---|---|---|---|---|---|---|---|---|
| Military College of Engineering (MCE) | Military College of Engineering (MCE) | 11/11/2014 | 297.1977 MAU | MCE-9835 | 11/11/2014 | 11/11/2014 | Book |
